| 000 | 00605nam a2200205Ia 4500 | ||
|---|---|---|---|
| 003 | GCL | ||
| 008 | 140319s9999 xx 000 0 ara d | ||
| 020 | _a2528302977 | ||
| 040 |
_aGCL / _cGCL |
||
| 082 | 0 | 4 |
_a810.8 _bم ح |
| 100 | 1 | _aمصطفى محمود | |
| 245 | 1 | 0 |
_aحوار مع صديق الملحد / _cمصطفى محمود |
| 250 | _aالثامنة | ||
| 260 |
_aالقاهرة : _bدار المعارف ، _c1974 |
||
| 300 |
_a124 ص ؛ _c18 سم |
||
| 490 |
_a100 قصة _v0 |
||
| 650 | 0 | 4 | _aالاسلام - دعوة |
| 650 | 0 | 4 | _aالاسلام - دفع مطاعن |
| 942 |
_2ddc _cBK |
||
| 999 |
_c46477 _d46477 |
||